Gobernanza global : alternativas para la regulación jurídica del ciberespacio /
Guardado en:
| Autor Principal: | |
|---|---|
| Otros Autores: | |
| Formato: | Libro |
| Idioma: | Spanish |
| Publicado: |
Buenos Aires :
La Ley; Departamento de publicaciones UBA,
2015.
|
| Edición: | 1a. ed. |
| Series: | Colección Facultad de Derecho - Derecho Internacional Privado
|
| Materias: | |
| Etiquetas: |
Agregar Etiqueta
Sin Etiquetas, Sea el primero en etiquetar este registro!
|
| LEADER | 00821nam a22002295a 4500 | ||
|---|---|---|---|
| 001 | DER.der012974 | ||
| 008 | 180615s2015####|||||||||||||||||#||spa|| | ||
| 005 | 20231227145620.0 | ||
| 245 | 1 | 0 | |a Gobernanza global : |b alternativas para la regulación jurídica del ciberespacio / |c Luciana Beatriz Scotti. |
| 250 | |a 1a. ed. | ||
| 260 | |a Buenos Aires : |b La Ley; Departamento de publicaciones UBA, |c 2015. | ||
| 300 | |a 230 p. | ||
| 020 | |a 9789870329985 | ||
| 100 | 1 | |a Scotti, Luciana Beatriz. | |
| 700 | 1 | |a Ortiz, Tulio, |e prol. | |
| 830 | 0 | |a Colección Facultad de Derecho - Derecho Internacional Privado | |
| 650 | 7 | |a DERECHO INTERNACIONAL PRIVADO | |
| 650 | 7 | |a GLOBALIZACION JURIDICA | |
| 650 | 7 | |a REGULACION DE INTERNET | |
| 650 | 7 | |a LEX MERCATORIA | |
| 650 | 7 | |a LEX ELECTRONICA | |
| 859 | |a DERECHO |b BIB. DERECHO |h 344.099 |i SCO |p 007814 | ||
